| 000 | 00344nam a2200121Ia 4500 | ||
|---|---|---|---|
| 008 | 210430s9999 xx 000 0 und d | ||
| 082 | _a070.194 S5391 A | ||
| 100 |
_aMughees-ud-Din Sheikh _93167 |
||
| 245 | 2 |
_aA B C of Radio Journalism / _cMughees-ud-Din Sheikh |
|
| 260 |
_aLahore _bILMI kitab Khana _c2008 |
||
| 300 | _a79p | ||
| 942 |
_cBK _2ddc |
||
| 999 |
_c563423 _d563423 |
||